MARC

LEADER 00000nam0a2200000 4500
001 371203
005 20231102012345.0
035 |a (RuTPU)RU\TPU\retro\28613 
090 |a 371203 
100 |a 20220929d1976 k y0rusy50 ba 
101 0 |a eng  |a rus 
102 |a PL 
105 |a a z 101zy 
200 1 |a Semiconductor sources of electromagnetic radiation  |e proceedings of the International Autumn School on Semiconductor Optoelectronics, CETNIEWO 1975, October 13-19, 1975, Wladyslawowo  |f Polish Academy of Sciences, Institute of physics ; editor M. A. Herman 
210 |a Warszawa  |c Polish scientific publishers  |d 1976 
215 |a 600 p.  |c il. 
320 |a Библиогр. в конце докл. 
606 1 |a Оптоэлектроника  |2 stltpush  |3 (RuTPU)RU\TPU\subj\47265  |9 66320 
610 1 |a полупроводниковая оптоэлектроника 
610 1 |a полупроводники 
610 1 |a полупроводниковые устройства 
610 1 |a электромагнитные волны 
610 1 |a электромагнитные излучения 
610 1 |a оптоэлектронные приборы 
610 1 |a полупроводниковые лазеры 
610 1 |a применение 
610 1 |a английский язык 
675 |a 621.383(063)  |v 4 
702 1 |a Herman  |b M. A.  |g Martian A.  |4 340 
712 0 2 |a Polish Academy of Sciences  |b Institute of physics  |4 570 
712 1 2 |a Semiconductor sources of electromagnetic radiation  |c International Autumn School  |e Wladyslawowo  |f 1975  |4 570 
801 1 |a RU  |b 63413507  |c 20220929 
942 |c BK